Datum a čas kvízu
32
Celkem bodů
Celkový počet nahraných bodů na tomto kvízu bez doplňovacích otázek.
8.
Pořadí na kvízu
Konečné umístění týmu na tomto kvízu.
Zaznamenané odpovědi
| # | Otázka | Odpověď | Body | Výsledky |
|---|---|---|---|---|
| 1. | Jak se jmenoval písničkář, kte... | David Stypka | 0 | |
| 2. | Americký prezident Donald Trum... | golfová hůl | 1 | |
| 3. | Minulý čtvrtek byl uveden do k... | Nepela | 0 | |
| 4. | Známý dánský pivovar představi... | Carlsberg | 1 | |
| 5. | Britský svaz vodního slalomu u... | C | 1 | |
| 6. | Ačkoliv je čas večeře, věnujem... | vejce; slaninu | 1 | |
| 7. | Od slané ke sladké snídani. V... | javorový sirup | 1 | |
| 8. | „Snídaně v trávě“ není název: | D | 0 | |
| 9. | V Krkonoších, v místě zvaném K... | Mumlava | 0 | |
| 10. | Mnozí z nás si snídani bez káv... | třešně | 0 |